Normal view
MARC view
- النجاح الشخصي - الثروة
Entry Topical Term
001 - CONTROL NUMBER
- control field: 15537
003 - CONTROL NUMBER IDENTIFIER
- control field: JO-AjAnu
005 - DATE AND TIME OF LATEST TRANSACTION
- control field: 20230606072759.0
008 - FIXED-LENGTH DATA ELEMENTS
- fixed length control field: 230606|| aca||aabn | a|a d
040 ## - CATALOGING SOURCE
- Original cataloging agency: JO-AjAnu
- Transcribing agency: JO-AjAnu
150 ## - HEADING--TOPICAL TERM
- Topical term or geographic name entry element: النجاح الشخصي - الثروة
670 ## - SOURCE DATA FOUND
- Source citation: Work cat.: (JO-AjAnu)7979: مجلة فورتشن ؛ ترجمة: كامل عطا ،رشاد بدران ؛ مراجعة: رشاد بدران ؛ تقديم : حسين عمر, author 15536, طريقك إلى الثراء : قصص نجاح تحولت إلى مشروعات مربحة